000 00488nam a2200205Ia 4500
008 170918s9999 xx 000 0 und d
020 _a9780545872485
050 _bS857ca 2013
100 _aStilton, Geronimo
245 _aSea monster surprise /
245 _cby Geronimo Stilton.
260 _aNew York :
260 _bScholastic,
260 _c2013
300 _a113 pages :
300 _bcolor illustrations ;
300 _c19cm.
300 _eCavemice ;
440 _a11
999 _c344281
_d344281